Poems by Emoji #1 - Statistics

General Stats
  • This quiz has been taken 3 times
  • The average score is 7 of 20
Answer Stats
Hint Answer % Correct
πŸ¦β€β¬› Edgar Allen Poe The Raven
100%
πŸ˜πŸ›‘β˜ πŸ›‘πŸ˜ Emily Dickinson Because I Could Not Stop for Death
67%
πŸ‚πŸͺ΄ Walt Whitman Leaves of Grass
67%
πŸŽ΅πŸ˜€β¬… Walt Whitman Song of Myself
67%
πŸ›£βŒπŸ‘£ Robert Frost The Road Not Taken
67%
πŸ§‘β€πŸ¦°πŸ”” Edgar Allen Poe Annabel Lee
33%
πŸ™β™ŸπŸͺΆ Emily Dickinson Hope Is a Thing With Feathers
33%
πŸ‘‚πŸͺ°πŸ’€β˜  Emily Dickinson I Heard a Fly Buzz When I Died
33%
πŸ™‚πŸ’­βŽΈβŽΈβŽΈπŸ¦œπŸŽ΅ Maya Angelou I Know Why the Caged Bird Sings
33%
πŸ˜€βšͺπŸ™‚β“ Emily Dickinson I'm Nobody! Who are you?
33%
πŸ›‘πŸŒ²πŸŒ²β„ Robert Frost Stopping by Woods on a Snowy Evening
33%
βž‘β¬…πŸ§± Robert Frost The Mending Wall
33%
πŸ“”πŸ«€ Edgar Allen Poe The Tell-Tale Heart
33%
πŸͺ»πŸšͺ🌸 Walt Whitman When Lilacs Last in the Dooryard Bloom'd
33%
βšͺπŸͺ™βŒβ¬‡ Robert Frost Nothing Gold Can Stay
0%
πŸ…ΎπŸ§‘β€βœˆπŸ§‘β€βœˆ Walt Whitman O Captain! My Captain!
0%
β¬‡πŸ’“πŸŒ„ Maya Angelou On The Pulse of Morning
0%
πŸ˜€β¬† Maya Angelou Still I Rise
0%
πŸ™πŸŒŠ Edgar Allen Poe The City in the Sea
0%
β›°πŸ˜€πŸ˜€β†— Maya Angelou The Hill We Climb
0%
No matching quizzes found
Score Distribution
Percent of People with Each Score
Percentile by Number Answered
Your Score History
You have not taken this quiz